000 00526nam a2200169Ia 4500
008 180921t2016 xxu||||| |||| 00| 0 sin d
041 _asin
080 _a781
_bKOD
100 _aKodithuwakku,Parakkrama
245 _aරෝසමල් රතුයි ප්‍රියේ ගීත ලෝකයේ විප්ලවය
246 _aRosamal Rathui Priye Geetha Lokaye Wiplawaya
260 _bSarasavi
_aNugegoda
_c2016
300 _b235p, 25cm
942 _cBK
999 _c3038
_d3038
003 LK-CoDNM
040 _aLK-CoDNM
_dLK-CoDNM
_eLK-CoDNM